000
00210nam a22000977a 4500
082
_a
823
100
_a
SYLVIA WARD
245
_a
THE GINGERBREADMAN
246
_a
THE GINGERBREADMAN
_b
THE GINGERBREADMAN
942
_c
BK
999
_c
8282
_d
8282